Who moved my cheese? : (Record no. 16340)

MARC details
000 -LEADER
fixed length control field 01555nam a22003137a 4500
003 - CONTROL NUMBER IDENTIFIER
control field BDCtgAUW
005 - DATE AND TIME OF LATEST TRANSACTION
control field 20260324192512.0
008 - FIXED-LENGTH DATA ELEMENTS--GENERAL INFORMATION
fixed length control field 021021s2003 nyua b 000 1 eng
010 ## - LIBRARY OF CONGRESS CONTROL NUMBER
LC control number 2002151749
020 ## - INTERNATIONAL STANDARD BOOK NUMBER
International Standard Book Number 9780091816971
040 ## - CATALOGING SOURCE
Transcribing agency BDCtgAUW
Modifying agency BDCtgAUW
Language of cataloging BDCtgAUW
050 00 - LIBRARY OF CONGRESS CALL NUMBER
Classification number PZ7.J6383
100 10 - MAIN ENTRY--PERSONAL NAME
Personal name Johnson, Spencer.
Relator term author
245 10 - TITLE STATEMENT
Title Who moved my cheese? :
Remainder of title for kids /
260 ## - PUBLICATION, DISTRIBUTION, ETC.
Place of publication, distribution, etc. New York :
Name of publisher, distributor, etc. G.P. Putnam's Sons,
Date of publication, distribution, etc. 2003.
300 ## - PHYSICAL DESCRIPTION
Extent 96 p. :
Other physical details col. ill. ;
Dimensions 26 x 29 cm.
520 ## - SUMMARY, ETC.
Summary, etc. Little friends in a maze find and enjoy some cheese, but when that cheese is gone, only Sniff and Scurry adapt and go searching for more while Hem and Haw wait for more cheese to appear. Includes a note to parents and discussion questions.
650 #1 - SUBJECT ADDED ENTRY--TOPICAL TERM
Topical term or geographic name entry element Mice
Form subdivision Fiction.
9 (RLIN) 86798
650 #1 - SUBJECT ADDED ENTRY--TOPICAL TERM
Topical term or geographic name entry element Maze puzzles
Form subdivision Fiction.
9 (RLIN) 91249
650 #1 - SUBJECT ADDED ENTRY--TOPICAL TERM
Topical term or geographic name entry element Change
Form subdivision Fiction.
9 (RLIN) 78008
655 #7 - INDEX TERM--GENRE/FORM
Genre/form data or focus term Fiction.
Source of term lcgft
Authority record control number or standard number https://id.loc.gov/authorities/genreForms/gf2014026339
9 (RLIN) 73569
700 1# - ADDED ENTRY--PERSONAL NAME
Personal name Pileggi, Steve,
Relator term ill.
9 (RLIN) 91250
856 42 - ELECTRONIC LOCATION AND ACCESS
Materials specified Contributor biographical information
Uniform Resource Identifier <a href="http://www.loc.gov/catdir/enhancements/fy0717/2002151749-b.html">http://www.loc.gov/catdir/enhancements/fy0717/2002151749-b.html</a>
856 42 - ELECTRONIC LOCATION AND ACCESS
Materials specified Publisher description
Uniform Resource Identifier <a href="http://www.loc.gov/catdir/enhancements/fy0717/2002151749-d.html">http://www.loc.gov/catdir/enhancements/fy0717/2002151749-d.html</a>
887 ## - NON-MARC INFORMATION FIELD
Source of data 8
Content of non-MARC field Papia Akter
888 ## -
-- 8
942 ## - ADDED ENTRY ELEMENTS (KOHA)
Source of classification or shelving scheme Library of Congress Classification
Koha item type Books
Suppress in OPAC No
Holdings
Withdrawn status Lost status Source of classification or shelving scheme Damaged status Not for loan Collection Home library Current library Shelving location Date acquired Source of acquisition Total Checkouts Full call number Barcode Date last seen Price effective from Koha item type
    Library of Congress Classification     Fiction Asian University for Women Library Mahsa Amini Library Fiction 10/03/2026 Raihana Halimi   PZ7.J6383 033373 10/03/2026 10/03/2026 Books